000 00503cam a2200193ua 4500
001 331
005 20260515113141.0
008 110329n ii |||gr||||Z||||||eng
040 _cMAIN
082 _a320
245 1 _aIntroduction to politics
_cby Sibnath Chakravarty
250 _a10th.
260 _aCalcutta:
_bModern book agency,968.
300 _axxvi,1027p:
_c80cm.
653 _aPolitical science
653 _aIntroduction to politics
700 _aChakravarty, Sibnath.,
_eAuthor.
942 _cBK
999 _c282
_d282